Raabee / (Record no. 33078)

000 -LEADER
fixed length control field 00457nam a22001937a 4500
003 - CONTROL NUMBER IDENTIFIER
control field NUST
020 ## - INTERNATIONAL STANDARD BOOK NUMBER
International Standard Book Number 9693515048
038 ## - RECORD CONTENT LICENSOR
Staff Name khadija
082 ## - DEWEY DECIMAL CLASSIFICATION NUMBER
Classification number 891.4393
Author Mark RAZ
100 ## - MAIN ENTRY--PERSONAL NAME
Personal name Razia Butt
9 (RLIN) 88926
245 ## - TITLE STATEMENT
Title Raabee /
Statement of responsibility, etc. Razia Butt
260 ## - PUBLICATION, DISTRIBUTION, ETC.
Place of publication, distribution, etc. Lahore
Name of publisher, distributor, etc. Sang e Meel
Date of publication, distribution, etc. 2003.
300 ## - PHYSICAL DESCRIPTION
Extent 416p. ;
Other physical details 22cm.
500 ## - GENERAL NOTE
General note Hardcover.
563 ## - BINDING INFORMATION
Binding note HB
880 ## - ALTERNATE GRAPHIC REPRESENTATION
Linkage 100-01
Title رضیہ بٹ
880 ## - ALTERNATE GRAPHIC REPRESENTATION
Linkage 245-02
Title رابی
c رضیہ بٹ
942 ## - ADDED ENTRY ELEMENTS (KOHA)
Koha item type Book
Source of classification or shelving scheme
Holdings
Withdrawn status Lost status Source of classification or shelving scheme Damaged status Not for loan Permanent Location Current Location Shelving location Date acquired Total Checkouts Full call number Barcode Date last seen Date last checked out Price effective from Koha item type
          School of Mechanical & Manufacturing Engineering (SMME) School of Mechanical & Manufacturing Engineering (SMME) General Stacks 12/22/2015 1 891.4393 RAZ SMME-2163 10/17/2022 06/16/2022 12/22/2015 Book
© 2023 Central Library, National University of Sciences and Technology. All Rights Reserved.